NATO-Alphabet - Statistiken

Allgemein
  • Dieses Quiz wurde 886 mal gespielt
  • Das Durchschnittsergebnis liegt bei 19 aus 26
Antwortstatistiken
Hint Antwort % Korrekt
A Alpha
100%
D Delta
93%
C Charlie
91%
B Bravo
87%
F Foxtrot
86%
E Echo
81%
L Lima
75%
H Hotel
74%
I India
73%
K Kilo
73%
X Xray
72%
Z Zulu
72%
G Golf
68%
T Tango
68%
Y Yankee
67%
S Sierra
66%
Q Quebec
65%
N November
64%
P Papa
64%
U Uniform
64%
J Juliett
63%
M Mike
62%
O Oscar
61%
R Romeo
61%
W Whiskey
60%
V Victor
52%
Keine übereinstimmenden Quizze gefunden
Verteilung der Resultate
Anzahl Personen mit jedem Resultat
Perzentil nach korrekt beantworteten Fragen
Ihre Resultats-Entwicklung
Sie haben dieses Quiz noch nicht gespielt